000 00899nab a2200265 u 4500
001 11526
003 HDC
007 cr bn ---aaaaa
008 210207b2015mmddmy |||no |||| 00| 0 may d
040 _aHDC
100 _aMuzliza Mustafa
_911856
245 0 _aNaik taraf dapur punca penarikan status halal Secret Recipe /
_cMuzliza Mustafa
260 _aMalaysia:
_bThe Edge Media Group,
_c2015
300 _a1 online resource
336 _atext
_2rdacontent
337 _acomputer
_2rdamedia
338 _aonline resource
_2rdacarrier
650 _aHalal food industry
_xCertificate
_911002
650 _aRestaurants
_92152
710 _aThe Malaysian Insider
856 _zRequest full-text at [email protected]
942 _2lcc
942 _cNEWS
942 _kNWSO 000666
999 _c8849
_d8849